000 00314nam a2200121Ia 4500
008 230907s9999||||xx |||||||||||||| ||und||
082 _a891.4393
_bHAS
245 0 _aپری زاد , Pari zad /
260 _aIlm-O-Irfan Publishers,
_bLahore :
_c2014
300 _a240 p.
650 _aUrdu Literature.
942 _cBK
999 _c599701
_d599701